| 000 | 00405nam a2200157Ia 4500 | ||
|---|---|---|---|
| 008 | 210716s1987 xx 000 0 und d | ||
| 020 | _a0394555287 | ||
| 041 | _aeng | ||
| 082 | _a333.33092 TRUD | ||
| 100 | _aTrump, Donald J; Schwartz, Tony. | ||
| 245 |
_aTrump: the art of the deal. _bArt of the deal. |
||
| 250 | _a1 | ||
| 260 |
_aNew York _bRandom House _c1987 |
||
| 300 | _ax,246 | ||
| 650 | _aNone | ||
| 999 |
_c198431 _d198431 |
||